000 00489nam a2200229Ia 4500
003 IT-RoPAU
008 120407s9999 xx 000 0 und d
040 _aIT-RoPAU
040 _cIT-RoPAU
041 _aita
100 _aFranz Weyergans
245 _aMatrimonio, famiglia, Vaticano II.
250 _aMilano
260 _aEdizioni Paoline
260 _c1969
300 _a115 p.
300 _c18 cm
490 _aLa Famiglia
490 _v147
942 _cBK
999 _c24524
_d24524